Statistics for Countries closest to The Netherlands A-Z

Click here to take the quiz!

General Stats

  • This quiz has been taken 56 times
  • The average score is 21 of 24

Answer Stats

HintAnswer% Correct
BBelgium
100%
DDenmark
98%
FFrance
98%
NNorway
96%
QQatar
96%
UUnited Kingdom
96%
GGermany
92%
HHungary
92%
LLuxembourg
92%
PPoland
92%
SSwitzerland
92%
YYemen
92%
AAustria
90%
OOman
90%
EEstonia
88%
IItaly
88%
MMonaco
88%
VVatican City
86%
ZZambia
86%
JJordan
82%
RRussia
82%
CCzechia
78%
KKosovo
73%
TTunisia
47%

Score Distribution

Percentile by Number Answered

Percent of People with Each Score

Your Score History

You have not taken this quiz